Report of the Ad hoc expert group meeting on the proposed project of the UNECA depository libraries in Southern Africa (Record no. 80055)

MARC details
000 -LEADER
fixed length control field 00918nam a2200217 a 4500
003 - CONTROL NUMBER IDENTIFIER
control field CBULib
005 - DATE AND TIME OF LATEST TRANSACTION
control field 20240419084110.0
008 - FIXED-LENGTH DATA ELEMENTS--GENERAL INFORMATION
fixed length control field 100728s2009 ||||||||||||||||| || u
040 ## - CATALOGING SOURCE
Original cataloging agency CBULib
Language of cataloging English
Transcribing agency CBULib
Modifying agency CBULib
Description conventions rda
050 ## - LIBRARY OF CONGRESS CALL NUMBER
Classification number UNECA(058)AEGM/2009D
110 ## - MAIN ENTRY--CORPORATE NAME
Corporate name or jurisdiction name as entry element United Nations Economic Commission For Africa(UNECA)
245 10 - TITLE STATEMENT
Title Report of the Ad hoc expert group meeting on the proposed project of the UNECA depository libraries in Southern Africa
Statement of responsibility, etc /by United Nations Economic Commission for Africa (UNECA)
260 ## - PUBLICATION, DISTRIBUTION, ETC. (IMPRINT)
Place of publication, distribution, etc Manzini, Swaziland:
Name of publisher, distributor, etc UNITED NATIONS ECONOMIC COMMISSION FOR AFRICA(UNECA)
Date of publication, distribution, etc 2009
300 ## - PHYSICAL DESCRIPTION
Extent v, 14 pages.: illustration
336 ## - CONTENT TYPE
Source rdacontent
Content type term Text |
Content type code txt
337 ## - MEDIA TYPE
Source rdamedia
Media type term Unmediated |
Media type code n
338 ## - CARRIER TYPE
Source rdacarrier
Carrier type term Volume
Carrier type code nc
500 ## - GENERAL NOTE
General note Bibliography
650 #0 - SUBJECT ADDED ENTRY--TOPICAL TERM
Topical term or geographic name as entry element UNITED NATIONS ECONOMIC COMMISSION FOR AFRICA--DEPOSITORY LIBRARIES--CONGRESSES
942 ## - ADDED ENTRY ELEMENTS (KOHA)
Source of classification or shelving scheme
Koha item type INTERNATIONAL PUBLICATIONS
Holdings
Withdrawn status Lost status Source of classification or shelving scheme Damaged status Not for loan Collection code Permanent Location Current Location Shelving location Date acquired Full call number Barcode Date last seen Price effective from Koha item type Source of acquisition Copy number Total Checkouts
          Special Collections CBU-MAIN LIBRARY, KITWE. CBU-MAIN LIBRARY, KITWE. Special Collections 06/29/2023 UNECA(058)AEGM/2009B 03006909B 06/29/2023 06/29/2023 SPECIAL COLLECTION      
          Special Collections CBU-MAIN LIBRARY, KITWE. CBU-MAIN LIBRARY, KITWE. Special Collections 06/29/2023 UNECA(058)AEGM/2009D B1087 06/29/2023 06/29/2023 SPECIAL COLLECTION DEP-UNECA    
            CBU-MAIN LIBRARY, KITWE. CBU-MAIN LIBRARY, KITWE.   06/29/2023 UNECA(058)AEGM/2009C 03006910 06/29/2023 06/29/2023 SPECIAL COLLECTION   3  
            CBU-MAIN LIBRARY, KITWE. CBU-MAIN LIBRARY, KITWE. Special Collections 06/29/2023 UNECA(058))AEGM/2009E B1569 06/29/2023 06/29/2023 SPECIAL COLLECTION DEP-UNECA 4  
            CBU-MAIN LIBRARY, KITWE. CBU-MAIN LIBRARY, KITWE.   06/29/2023 UNECA(058)AEGM/2009A 03006908 06/29/2023 06/29/2023 SPECIAL COLLECTION   5